000 00365nam a2200157Ia 4500
003 OSt
005 20240201113908.0
008 170524s9999 xx 000 0 und d
020 _a978-93-5097-036-2
040 _cIIMT UNIVERSITY
100 _aAvadhani V A
100 _c2011
245 0 _aINTERNATIONAL FINANCE
260 _aHimalaya Pub. House
942 _2ddc
_c02
999 _c2544
_d2544